<?xml version="1.0" encoding="UTF-8"?>
<record
    xmlns:xsi="http://www.w3.org/2001/XMLSchema-instance"
    xsi:schemaLocation="http://www.loc.gov/MARC21/slim http://www.loc.gov/standards/marcxml/schema/MARC21slim.xsd"
    xmlns="http://www.loc.gov/MARC21/slim">

  <leader>02378cam a2200241 i 4500</leader>
  <datafield tag="999" ind1=" " ind2=" ">
    <subfield code="c">37536</subfield>
    <subfield code="d">37536</subfield>
  </datafield>
  <datafield tag="020" ind1=" " ind2=" ">
    <subfield code="a">9789389137408</subfield>
  </datafield>
  <datafield tag="020" ind1=" " ind2=" ">
    <subfield code="a">9389137403</subfield>
  </datafield>
  <datafield tag="041" ind1=" " ind2=" ">
    <subfield code="a">English.</subfield>
  </datafield>
  <datafield tag="082" ind1="0" ind2="4">
    <subfield code="a">305.8009541</subfield>
    <subfield code="b">CHH-Q</subfield>
  </datafield>
  <datafield tag="100" ind1="1" ind2=" ">
    <subfield code="a">Chhonkar, Pradeep,</subfield>
    <subfield code="e">author.</subfield>
  </datafield>
  <datafield tag="245" ind1="1" ind2="0">
    <subfield code="a">Quest for Nagalim :</subfield>
    <subfield code="b">the tribal factor /</subfield>
    <subfield code="c">Pradeep Chhonkar.</subfield>
  </datafield>
  <datafield tag="260" ind1=" " ind2=" ">
    <subfield code="a">New Delhi :</subfield>
    <subfield code="b">K W Publishers Pvt Ltd,</subfield>
    <subfield code="c">2020.</subfield>
  </datafield>
  <datafield tag="300" ind1=" " ind2=" ">
    <subfield code="a">xvi, 232p.</subfield>
    <subfield code="b">maps (black and white) ;</subfield>
  </datafield>
  <datafield tag="504" ind1=" " ind2=" ">
    <subfield code="a">Includes bibliographical references and index.</subfield>
  </datafield>
  <datafield tag="520" ind1=" " ind2=" ">
    <subfield code="a">The Naga insurgency, considered the mother of all insurgencies in North East India, is also the world&#x2019;s oldest unresolved armed conflict in modern times. A number of government-led initiatives in the form of accords and agreements have been taken in the past to find a permanent solution to the issue; however, due to its highly complex nature it has not been resolved till date. One such recent attempt &#x2013; the signing of the Framework Agreement between the Government of India and one of the Naga insurgent outfits, the National Socialist Council of Nagalim (Isak and Muivah) (NSCN-IM) &#x2013; is yet to fructify into an acceptable agreement. The complexity of the Naga insurgency stems from the varying territorial perspectives, differing historical interpretations, demographic and socio-political faultlines, governance issues, external linkages, and the lack of development. Scholars and subject experts have studied most of the factors earlier, but what has hitherto remained inadequately researched in the domain of demography, is the primacy of the &#x2018;tribal factor&#x2019;.

This book is the result of two years&#x2019; research at the Institute for Defence Studies and Analyses, coupled with personal experiences. This in no way is an all-encompassing research work on the subject. Research for the book is based on findings through communication and the ground situation, viewed through the prism of history and varying perceptions. It mainly focuses on the role and the relevance of the tribal factor in the quest for Nagalim.</subfield>
  </datafield>
  <datafield tag="546" ind1=" " ind2=" ">
    <subfield code="a">English.</subfield>
  </datafield>
  <datafield tag="650" ind1=" " ind2="0">
    <subfield code="a">Naga (South Asian people)</subfield>
    <subfield code="z">India, Northeastern</subfield>
    <subfield code="x">Politics and government.</subfield>
  </datafield>
  <datafield tag="650" ind1=" " ind2="0">
    <subfield code="a">Naga (South Asian people)</subfield>
    <subfield code="z">India, Northeastern</subfield>
    <subfield code="x">Ethnic identity.</subfield>
  </datafield>
  <datafield tag="650" ind1=" " ind2="0">
    <subfield code="a">Insurgency</subfield>
    <subfield code="z">India, Northeastern.</subfield>
  </datafield>
  <datafield tag="650" ind1=" " ind2="7">
    <subfield code="a">Insurgency.</subfield>
  </datafield>
  <datafield tag="650" ind1=" " ind2="7">
    <subfield code="a">Naga (South Asian people)</subfield>
    <subfield code="x">Politics and government.</subfield>
  </datafield>
  <datafield tag="942" ind1=" " ind2=" ">
    <subfield code="2">ddc</subfield>
    <subfield code="c">BK</subfield>
  </datafield>
  <datafield tag="952" ind1=" " ind2=" ">
    <subfield code="0">0</subfield>
    <subfield code="1">0</subfield>
    <subfield code="4">0</subfield>
    <subfield code="7">0</subfield>
    <subfield code="a">NASSDOC</subfield>
    <subfield code="b">NASSDOC</subfield>
    <subfield code="d">2023-03-16</subfield>
    <subfield code="e">Overseas</subfield>
    <subfield code="g">0.00</subfield>
    <subfield code="l">0</subfield>
    <subfield code="o">305.8009541 CHH-Q</subfield>
    <subfield code="p">53166</subfield>
    <subfield code="r">2023-05-04 00:00:00</subfield>
    <subfield code="v">0.00</subfield>
    <subfield code="w">2023-05-04</subfield>
    <subfield code="y">BK</subfield>
  </datafield>
</record>
